logo

Bir Sreshtho Munshi Abdur Rouf Library
Jhenaidah Cadet College

স্মৃতির শহর / (Record no. 986)

MARC details
000 -LEADER
fixed length control field 00667nam a2200229 a 4500
001 - CONTROL NUMBER
JCCL Control Number 986
003 - CONTROL NUMBER IDENTIFIER
JCCL marc code BD-JhCC
005 - DATE AND TIME OF LATEST TRANSACTION
control field 20190920134007.0
008 - FIXED-LENGTH DATA ELEMENTS--GENERAL INFORMATION
fixed length control field 171012s2011 bg p|||| |||| 00| 0 ben d
020 ## - INTERNATIONAL STANDARD BOOK NUMBER
International Standard Book Number 97898865593
035 ## - SYSTEM CONTROL NUMBER
system control number (BD-JhCC) 986
040 ## - CATALOGING SOURCE
Original cataloging agency BD-JhCC
Modifying agency BD-JhCC
041 ## - LANGUAGE CODE
Language code of Book ben
082 ## - DEWEY DECIMAL CLASSIFICATION NUMBER
DDC Edition number 23
Classification number 891.4435
Author mark and Year RAH 2011
100 ## - MAIN ENTRY--PERSONAL NAME
Personal name রহমান, শামসুর
245 ## - TITLE STATEMENT
Title স্মৃতির শহর /
Statement of responsibility, etc শামসুর রহমান
260 ## - PUBLICATION, DISTRIBUTION, ETC. (IMPRINT)
Place of publication, distribution, etc ঢাকা :
Name of publisher, distributor, etc প্রথমা প্রকাশনা
Date of publication, distribution, etc 2011
300 ## - PHYSICAL DESCRIPTION
Pagination 87 p. :
Other physical details ill,
Dimensions 23 cm
650 ## - SUBJECT ADDED ENTRY--TOPICAL TERM
Topical term or geographic name as entry element Short Stories, Bengali
942 ## - ADDED ENTRY ELEMENTS (KOHA)
Source of classification or shelving scheme Dewey Decimal Classification
Koha item type Books
Koha issues (borrowed), all copies 2
Holdings
Source of classification or shelving scheme Damaged status Not for loan Home library Current library Shelving location Date of accession Cost, normal purchase price Total Checkouts Full call number Barcode Date last seen Date checked out Copy number Koha item type
Dewey Decimal Classification     JCC Rouf Library JCC Rouf Library General Stacks 10/12/2017 200.00 2 891.4435 RAH 2011 1968 02/13/2022 02/10/2022 C-1 Books
Dewey Decimal Classification     JCC Rouf Library JCC Rouf Library General Stacks 11/06/2017 12.00   891.4435 RAH 2011 4386 11/06/2017   C-2 Books

JCC Library | Contacts | JCC Home

Last Update on 23 September 2017
Copyright @ 2017-2020 JCC Rouf Library
Rouf Library, Jhenidah Cadet College (JCC), Bangladesh